Карта, планы и таблицы вычисления угодий дач деревень Хомутово и Зазыбенье с пустошами Стародубье и Стародубки Самолвовского сел...

Доступно только в Электронных читальных залах Найти на картеНа карте
RUSMARC
00003760nmc2a22000003x 450
001721914f4-5f7c-4753-b538-33acb987b282
00520181126132846.0
100##$a20161006l18391858k l0rusy0189 ca
1010#$arus
102##$aRU
2001#$aКарта, планы и таблицы вычисления угодий дач деревень Хомутово и Зазыбенье с пустошами Стародубье и Стародубки Самолвовского сельского общества Казуринской волости в Гдовском уезде Санкт-Петербургской губернии
$j1839 г., 1858 г.
251##$cДело
801#0$aRU
$bРГИА
$c20161006
$gRCR
801#1$aRU
$bГлавНИВЦ
$c20161006
$2rusmarc
801#2$aRU
$bПБ им. Б.Н. Ельцина
$c20181126
$gRCR
$2rusmarc
850##$aРГИА
852##$aРГИА
$eФедеральное казенное учреждение "Российский государственный исторический архив" (РГИА)
$j144
937##$hРГИА
$d12237798
$aASBIBLIO_SCAN
462#0$1001c9a41435-d21c-4ba9-a75c-9547afdd7617
$12001
$aКарты и планы казенных и частных земель и лесов по Санкт-Петербургской губернии
$1251
$cОпись
$1852
$j29
461#0$100126e99e9d-b562-464e-a273-fbb2bdfe5ec7
$12001
$aПлановый архив Министерства земледелия (1837-1918)
$1251
$cФонд
$1852
$j380
215##$a34 л.
$cкарт.; план.; табл.
$d75х58 см
371##$aДокумент не является опубликованным и широко распространяемым
105##$aabe#
1222#$ad
035##$a721914f4-5f7c-4753-b538-33acb987b282
856##$uhttp://readingroom.main.prlib.ru/item.aspx?id_node=n120982064&mode=full
Формат отображения